[Event "Kort Paaske Gruppe 1 2014"]
[Site "Skorping"]
[Date "2014.04.17"]
[Round "1"]
[White "Andersen, Torben Bodskov"]
[Black "Olsen, Keld Johnny"]
[Result "1-0"]
[WhiteElo "2003"]
[BlackElo "1813"]
[PlyCount "77"]
[EventDate "2014.??.??"]

1. e4 c5 2. Nf3 Nc6 3. c3 d5 4. exd5 Qxd5 5. Qb3 Qxb3 6. axb3 a6 7. Bc4 Bd7 8.
O-O Nf6 9. Rd1 Rd8 10. Be2 e5 11. d3 Be7 12. Bg5 O-O 13. Nbd2 Bf5 14. Nc4 e4
15. Nfe5 Nxe5 16. Nxe5 h6 17. Bh4 Rfe8 18. dxe4 Rxd1+ 19. Rxd1 Nxe4 20. Bxe7
Rxe7 21. f4 f6 22. Bc4+ Kh7 23. Nf3 Bd7 24. Re1 Bc6 25. Bd3 Kg8 26. Nd2 f5 27.
Nf3 b5 28. Ne5 Bb7 29. Rd1 Re6 30. Bxe4 Bxe4 31. Rd8+ Kh7 32. Nd7 Rc6 33. Nf8+
Kg8 34. Ng6+ Kh7 35. Ne5 Rc7 36. h4 h5 37. Rd7 Rc8 38. Nf7 Rc6 39. Rd8 1-0

[Event "Kort Paaske Gruppe 1 2014"]
[Site "Skorping"]
[Date "2014.04.17"]
[Round "1"]
[White "Bonnez, Finn"]
[Black "Vangsgaard, Bjarke"]
[Result "1-0"]
[WhiteElo "1962"]
[BlackElo "1803"]
[PlyCount "125"]
[EventDate "2014.??.??"]

1. d4 d5 2. Nf3 Nf6 3. Bf4 Bf5 4. e3 e6 5. Be2 h6 6. Nbd2 c5 7. Bxb8 Qxb8 8.
Bb5+ Kd8 9. Ne5 Qc7 10. c3 Bd6 11. f4 Ne4 12. Nxe4 Bxe4 13. Bd3 Bxd3 14. Nxd3
Qe7 15. O-O Kc7 16. dxc5 Bxc5 17. Qe2 Rag8 18. Rac1 Kb8 19. b4 Bb6 20. a4 g5
21. a5 Bc7 22. c4 gxf4 23. exf4 Qf6 24. Ne5 Bxe5 25. fxe5 Qg5 26. cxd5 exd5 27.
Rcd1 Rg6 28. Rxf7 Rhg8 29. g3 Qh4 30. Rf3 Qxb4 31. Rxd5 Rc6 32. e6 Re8 33. Re5
Qd4+ 34. Qe3 Rc1+ 35. Kg2 Rc2+ 36. Kh3 Qb2 37. e7 Rxh2+ 38. Kg4 h5+ 39. Kf5 Rc2
40. Rf4 Rc6 41. Qd4 Qb1+ 42. Qe4 Qb3 43. Re6 Rc5+ 44. Kf6 Qxg3 45. Rf5 Rc7 46.
Rxh5 Ka8 47. a6 Qf2+ 48. Rf5 Qh2 49. axb7+ Kb8 50. Rg5 Qh8+ 51. Rg7 Rf8+ 52.
Kg6 Re8 53. Qf4 Qh1 54. Kf7 Qh5+ 55. Kf6 Qh1 56. Qf5 Qa1+ 57. Kg6 Qg1+ 58. Kf6
Qa1+ 59. Qe5 Qf1+ 60. Kg6 Qg2+ 61. Qg5 Qxb7 62. Kf7 Qc8 63. Qb5+ 1-0

[Event "Kort Paaske Gruppe 1 2014"]
[Site "Skorping"]
[Date "2014.04.17"]
[Round "1"]
[White "Lindholdt, Malik"]
[Black "Christensen, Thomas (1974)"]
[Result "1/2-1/2"]
[WhiteElo "2071"]
[BlackElo "1855"]
[PlyCount "40"]
[EventDate "2014.??.??"]

1. e4 e5 2. Nf3 Nc6 3. d4 exd4 4. Nxd4 Bc5 5. Nxc6 bxc6 6. Bd3 Qh4 7. Qf3 Nf6
8. Qg3 Qxg3 9. hxg3 Ng4 10. f3 Ne5 11. Nd2 Rb8 12. Nb3 Bb4+ 13. Bd2 c5 14. Bxb4
Rxb4 15. Nxc5 Rxb2 16. Kd2 Rb6 17. a4 O-O 18. Rab1 d6 19. Rxb6 axb6 20. Nb3 Bd7
1/2-1/2

[Event "Kort Paaske Gruppe 1 2014"]
[Site "Skorping"]
[Date "2014.04.17"]
[Round "1"]
[White "Munch, Anders J"]
[Black "Vangsgaard, Freja"]
[Result "1-0"]
[WhiteElo "1934"]
[BlackElo "1786"]
[PlyCount "119"]
[EventDate "2014.??.??"]

1. d4 Nf6 2. Bg5 g6 3. Nc3 Bg7 4. Qd2 O-O 5. Nf3 Re8 6. e4 d6 7. Bc4 c5 8. dxc5
dxc5 9. Qxd8 Rxd8 10. e5 Ng4 11. Nd5 Nc6 12. O-O-O Be6 13. Nxe7+ Nxe7 14. Bxe6
Nxf2 15. Rxd8+ Rxd8 16. Rf1 fxe6 17. Bxe7 Bh6+ 18. Bg5 Ng4 19. Bxh6 Nxh6 20.
Ng5 b6 21. Rf6 Re8 22. h3 Re7 23. Kd2 Rd7+ 24. Kc3 Rd1 25. Nxe6 Nf7 26. a4 Re1
27. Nc7 Rxe5 28. Re6 Rxe6 29. Nxe6 Nd6 30. b4 cxb4+ 31. Kxb4 Kf7 32. Nc7 Kf6
33. Nb5 a5+ 34. Kc3 Nxb5+ 35. axb5 Ke5 36. Kc4 Ke4 37. h4 h5 38. c3 Ke3 39. Kd5
Kd3 40. c4 a4 41. c5 a3 42. cxb6 a2 43. b7 a1=Q 44. b8=Q Qd4+ 45. Ke6 Qg4+ 46.
Kf7 Qc4+ 47. Kg7 Qd4+ 48. Kh7 Qd7+ 49. Kh6 Kc4 50. Qe5 Qd2+ 51. Qg5 Qf2 52.
Kxg6 Qe2 53. Kh6 Kb4 54. b6 Qe6+ 55. Qg6 Qe3+ 56. Kxh5 Qc5+ 57. Kg4 Qd4+ 58.
Kh3 Qe3+ 59. Kh2 Ka5 60. Qg5+ 1-0

[Event "Kort Paaske Gruppe 1 2014"]
[Site "Skorping"]
[Date "2014.04.17"]
[Round "1"]
[White "Nielsen, Per (1963)"]
[Black "Ekholm, Lars"]
[Result "1/2-1/2"]
[WhiteElo "1795"]
[BlackElo "1939"]
[PlyCount "218"]
[EventDate "2014.??.??"]

1. d4 d5 2. c4 e6 3. cxd5 exd5 4. Nc3 Nf6 5. Bg5 Be7 6. e3 c6 7. Bd3 O-O 8. Qc2
Nbd7 9. Nf3 Re8 10. O-O g6 11. Rab1 Nb6 12. b4 a6 13. a4 Be6 14. b5 cxb5 15.
axb5 a5 16. Ne2 Nh5 17. Bh6 Qd6 18. Ne5 Rec8 19. Qb2 f6 20. Nf3 Qa3 21. Qxa3
Bxa3 22. Ra1 Bd6 23. Rfc1 a4 24. e4 g5 25. e5 Rxc1+ 26. Nxc1 fxe5 27. Nxe5 Bxe5
28. dxe5 g4 29. f4 gxf3 30. gxf3 Ng7 31. Kf2 Nf5 32. Bxf5 Bxf5 33. Ne2 a3 34.
Nd4 Bg6 35. f4 Kf7 36. f5 Bh5 37. Nc2 Nc4 38. Bf4 Bg4 39. Nd4 a2 40. f6 h5 41.
Nb3 Ra3 42. h3 Rxb3 43. hxg4 hxg4 44. Kg2 Ra3 45. Bc1 Ra8 46. Bf4 d4 47. Kg3 d3
48. Kxg4 d2 49. Bxd2 Nxd2 50. Kf5 Nb3 51. e6+ Kf8 52. Rh1 Nd4+ 53. Ke4 Nxe6 54.
Rh8+ Kf7 55. Rxa8 Nc5+ 56. Ke3 Na6 57. bxa6 a1=Q 58. axb7 Qe5+ 59. Kd3 Qd5+ 60.
Kc3 Qxb7 61. Ra4 Kxf6 62. Rd4 Ke5 63. Rc4 Qb6 64. Kd3 Qb3+ 65. Rc3 Qb5+ 66. Ke3
Qb4 67. Kd3 Kd5 68. Kc2 Kd4 69. Rd3+ Ke4 70. Rc3 Qa4+ 71. Kb2 Qa5 72. Kc2 Qa2+
73. Kd1 Kd4 74. Rc2 Qb1+ 75. Kd2 Qb4+ 76. Ke2 Qb3 77. Rd2+ Ke4 78. Ke1 Qg3+ 79.
Kd1 Qb3+ 80. Ke1 Ke3 81. Re2+ Kf3 82. Rf2+ Kg3 83. Rd2 Qe3+ 84. Kd1 Kf3 85. Kc2
Qc5+ 86. Kd3 Qb5+ 87. Kd4 Qb4+ 88. Kd3 Qe4+ 89. Kc3 Ke3 90. Rd1 Qc6+ 91. Kb3
Qb6+ 92. Kc3 Qa5+ 93. Kb3 Ke2 94. Rd4 Qb5+ 95. Kc3 Qe5 96. Kc4 Qa5 97. Re4+ Kf3
98. Rd4 Ke3 99. Rd3+ Ke4 100. Rd4+ Ke5 101. Rd3 Qa4+ 102. Kc3 Qc6+ 103. Kd2 Qc5
104. Re3+ Kf4 105. Rd3 Ke4 106. Rc3 Qb4 107. Kc2 Kd4 108. Rd3+ Kc4 109. Re3
Qa4+ 1/2-1/2

[Event "Kort Paaske Gruppe 1 2014"]
[Site "Skorping"]
[Date "2014.04.17"]
[Round "1"]
[White "Olsen, Lars Moller"]
[Black "Dahl, Steve"]
[Result "1/2-1/2"]
[WhiteElo "1882"]
[BlackElo "1719"]
[PlyCount "124"]
[EventDate "2014.??.??"]

1. d4 Nf6 2. c4 g6 3. Nc3 Bg7 4. e4 d6 5. f3 O-O 6. Be3 c5 7. Nge2 cxd4 8. Nxd4
Nc6 9. Be2 Nxd4 10. Bxd4 a6 11. O-O Be6 12. Rc1 Rc8 13. b3 Bd7 14. Qd2 e6 15.
Rfd1 Bc6 16. Bf1 Qa5 17. Qf2 Qb4 18. Qb2 e5 19. Be3 Rfd8 20. Rc2 Nh5 21. Rcd2
Nf4 22. g3 Ne6 23. a3 Qa5 24. Rxd6 Rxd6 25. Rxd6 Nd4 26. Kf2 Bf8 27. Rxd4 exd4
28. Bxd4 Qxa3 29. Nd5 Bxd5 30. Qxa3 Bxa3 31. exd5 Bd6 32. Bh3 Re8 33. Bd7 Re7
34. Ba4 b5 35. cxb5 axb5 36. Bxb5 Rb7 37. Bc4 Re7 38. f4 f5 39. Bd3 Rb7 40. Bc4
Kf8 41. Be5 Ke7 42. Kf3 h5 43. h3 Rb8 44. g4 fxg4+ 45. hxg4 Rf8 46. Bxd6+ Kxd6
47. Kg3 hxg4 48. Kxg4 Rf5 49. Bd3 Rxd5 50. Bxg6 Rb5 51. Bf7 Ke7 52. Bc4 Rc5 53.
f5 Kf6 54. Be6 Re5 55. Kf4 Re1 56. Bc4 Re5 57. Bd3 Re8 58. b4 Rb8 59. b5 Rb6
60. Ke4 Rb8 61. Kd4 Rxb5 62. Bxb5 Kxf5 1/2-1/2

[Event "Kort Paaske Gruppe 1 2014"]
[Site "Skorping"]
[Date "2014.04.17"]
[Round "1"]
[White "Petersen, Tom"]
[Black "Petersen, Poul Erik"]
[Result "1/2-1/2"]
[WhiteElo "1805"]
[BlackElo "1975"]
[PlyCount "20"]
[EventDate "2014.??.??"]

1. d4 Nf6 2. Nf3 e6 3. Bf4 b6 4. e3 Bb7 5. Bd3 d5 6. Nbd2 c5 7. c3 Bd6 8. Bg3
O-O 9. O-O Nc6 10. Re1 c4 1/2-1/2

[Event "Kort Paaske Gruppe 1 2014"]
[Site "Skorping"]
[Date "2014.04.17"]
[Round "1"]
[White "Schacht, Jorgen Vejby"]
[Black "Hove, Svend Kjems"]
[Result "0-1"]
[WhiteElo "1749"]
[BlackElo "1911"]
[PlyCount "120"]
[EventDate "2014.??.??"]

1. d4 c5 2. d5 e5 3. e4 Na6 4. Nc3 Nc7 5. Nf3 d6 6. Be2 g6 7. O-O Bd7 8. a4 Bg7
9. Bg5 f6 10. Be3 Nh6 11. h3 Nf7 12. Nd2 O-O 13. f4 exf4 14. Bxf4 Ne5 15. Nc4
Qe7 16. Qd2 Ne8 17. Nxe5 dxe5 18. Bh2 Nd6 19. Bd3 b6 20. b3 a6 21. Qe2 Bc8 22.
Nd1 f5 23. Nf2 f4 24. Qf3 Qg5 25. Kh1 Rb8 26. Rg1 b5 27. axb5 axb5 28. c4 bxc4
29. Bxc4 Rf7 30. Ra5 Bf8 31. Rxc5 Rfb7 32. Rb1 Bd7 33. Qc3 Ba4 34. Ra5 Nxc4 35.
Qxc4 Bxb3 36. Qd3 Qd8 37. Raa1 Bc5 38. Ng4 Bd4 39. Ra3 Bc4 40. Rxb7 Rxb7 41.
Qxc4 Rb1+ 42. Bg1 Bxg1 43. Rb3 Ra1 44. Qb5 Bf2+ 45. Rb1 Rxb1+ 46. Qxb1 Bd4 47.
Qb7 Qf8 48. d6 f3 49. Qd5+ Kg7 50. gxf3 Qxf3+ 51. Kh2 Qe2+ 52. Kg3 Qe1+ 53. Kg2
Qd2+ 54. Kf1 Qc1+ 55. Kg2 Qb2+ 56. Kf3 h5 57. Ne3 Qc3 58. Qb7+ Kh6 59. d7 Qxe3+
60. Kg2 Qf2+ 0-1

[Event "Kort Paaske Gruppe 1 2014"]
[Site "Skorping"]
[Date "2014.04.17"]
[Round "1"]
[White "Vangsgaard, Claus"]
[Black "Yssing, Klaus"]
[Result "0-1"]
[WhiteElo "1851"]
[BlackElo "2028"]
[PlyCount "61"]
[EventDate "2014.??.??"]

1. e4 Nf6 2. e5 Nd5 3. c4 Nb6 4. c5 Nd5 5. Nc3 e6 6. Nxd5 exd5 7. d4 d6 8. cxd6
cxd6 9. Nf3 Nc6 10. Be2 Be7 11. O-O O-O 12. Bf4 dxe5 13. Nxe5 Qb6 14. Nxc6 bxc6
15. Rc1 Re8 16. Rc2 Bf6 17. Be3 Bd7 18. Qd2 a5 19. Rd1 g6 20. g4 a4 21. Kg2
Rab8 22. h4 Be7 23. Qc1 f5 24. h5 fxg4 25. hxg6 hxg6 26. Bf4 Rb7 27. Be5 Bf8
28. Qg5 Bf5 29. Rh1 Rxe5 30. dxe5 Bxc2 31. Bxg4 0-1

[Event "Kort Paaske Gruppe 1 2014"]
[Site "Skorping"]
[Date "2014.04.17"]
[Round "2"]
[White "Christensen, Thomas (1974)"]
[Black "Vangsgaard, Claus"]
[Result "1-0"]
[WhiteElo "1855"]
[BlackElo "1851"]
[PlyCount "91"]
[EventDate "2014.??.??"]

1. e4 c6 2. d4 d5 3. exd5 cxd5 4. Bd3 Nc6 5. c3 Nf6 6. Bg5 Bg4 7. f3 Bh5 8. Ne2
Bg6 9. Nf4 Bxd3 10. Nxd3 e6 11. O-O Be7 12. Nd2 O-O 13. Qe2 Re8 14. Bxf6 Bxf6
15. f4 Rc8 16. Nf3 b5 17. Nfe5 b4 18. Nxc6 Rxc6 19. Nxb4 Rb6 20. Rae1 Qc7 21.
Nxd5 Qc6 22. Nxb6 Qxb6 23. Qf2 Rb8 24. Re2 Qa6 25. a3 Qc4 26. g4 Rb5 27. g5 Be7
28. Re5 Rb6 29. Qe2 Qc7 30. f5 Qd7 31. fxe6 fxe6 32. Re1 Kf7 33. Qh5+ Kg8 34.
g6 hxg6 35. Qxg6 Bf6 36. R5e2 Rb5 37. Qe4 Rb6 38. Qg4 Kf7 39. Rg2 Qc6 40. Rf1
Ke7 41. Rxf6 gxf6 42. Qg7+ Kd6 43. Qxf6 Qe4 44. Qd8+ Kc6 45. Qc8+ Kb5 46. Rg5+
1-0

[Event "Kort Paaske Gruppe 1 2014"]
[Site "Skorping"]
[Date "2014.04.17"]
[Round "2"]
[White "Dahl, Steve"]
[Black "Lindholdt, Malik"]
[Result "0-1"]
[WhiteElo "1719"]
[BlackElo "2071"]
[PlyCount "52"]
[EventDate "2014.??.??"]

1. a3 e5 2. d4 exd4 3. Qxd4 Nc6 4. Qe3+ Nge7 5. c4 d6 6. Nc3 Be6 7. Nd5 Ne5 8.
Nxe7 Bxe7 9. b3 Bf6 10. Ra2 O-O 11. Nf3 a5 12. a4 Nc6 13. Ba3 Re8 14. Qd3 Qd7
15. e4 Bf5 16. Re2 Bxe4 17. Qd2 Bxf3 18. gxf3 Nd4 19. Rxe8+ Rxe8+ 20. Kd1 Nxf3
21. Qf4 Re1+ 22. Kc2 Nd4+ 23. Kd2 Bg5 24. Kxe1 Bxf4 25. Bd3 Qh3 26. Bxh7+ Kxh7
0-1

[Event "Kort Paaske Gruppe 1 2014"]
[Site "Skorping"]
[Date "2014.04.17"]
[Round "2"]
[White "Ekholm, Lars"]
[Black "Petersen, Tom"]
[Result "1/2-1/2"]
[WhiteElo "1939"]
[BlackElo "1805"]
[PlyCount "40"]
[EventDate "2014.??.??"]

1. d4 Nf6 2. c4 e6 3. Nc3 d5 4. Bg5 Be7 5. cxd5 exd5 6. e3 c6 7. Qc2 Be6 8. Bd3
h6 9. Bf4 Bd6 10. Nge2 Qe7 11. h3 Nbd7 12. O-O-O Bxf4 13. Nxf4 O-O-O 14. Kb1
Kb8 15. Na4 Nb6 16. Nc5 Nfd7 17. Rc1 Nxc5 18. Qxc5 Qxc5 19. Rxc5 g5 20. Nxe6
fxe6 1/2-1/2

[Event "Kort Paaske Gruppe 1 2014"]
[Site "Skorping"]
[Date "2014.04.17"]
[Round "2"]
[White "Nielsen, Per (1963)"]
[Black "Olsen, Lars Moller"]
[Result "1/2-1/2"]
[WhiteElo "1795"]
[BlackElo "1882"]
[PlyCount "30"]
[EventDate "2014.??.??"]

1. d4 d5 2. c4 c6 3. cxd5 cxd5 4. Nc3 Nc6 5. Nf3 Nf6 6. Bf4 Bf5 7. e3 e6 8. Ne5
Bd6 9. Bb5 Bxe5 10. Bxe5 O-O 11. Bg3 Rc8 12. O-O Qa5 13. Bd3 Bxd3 14. Qxd3 Nb4
15. Qe2 Nc6 1/2-1/2

[Event "Kort Paaske Gruppe 1 2014"]
[Site "Skorping"]
[Date "2014.04.17"]
[Round "2"]
[White "Olsen, Keld Johnny"]
[Black "Vangsgaard, Freja"]
[Result "1/2-1/2"]
[WhiteElo "1813"]
[BlackElo "1786"]
[PlyCount "62"]
[EventDate "2014.??.??"]

1. c4 Nf6 2. Nc3 b6 3. Nf3 Bb7 4. b3 g6 5. Bb2 Bg7 6. e3 O-O 7. Be2 d6 8. d4
Nbd7 9. Qc2 e5 10. O-O Ne8 11. d5 f5 12. Rad1 h6 13. Nd2 Qe7 14. f3 Nef6 15. b4
h5 16. Nb3 Bh6 17. Bc1 Bg7 18. Bb2 Kf7 19. Nb5 Rfc8 20. a4 a6 21. Na3 c6 22.
dxc6 Bxc6 23. b5 Bb7 24. Qd3 Ne8 25. e4 f4 26. Nc2 a5 27. Ba3 Nc5 28. Nxc5 dxc5
29. Qc3 Rd8 30. Bb2 Nc7 31. Ne1 Ne6 1/2-1/2

[Event "Kort Paaske Gruppe 1 2014"]
[Site "Skorping"]
[Date "2014.04.17"]
[Round "2"]
[White "Petersen, Poul Erik"]
[Black "Bonnez, Finn"]
[Result "1-0"]
[WhiteElo "1975"]
[BlackElo "1962"]
[PlyCount "107"]
[EventDate "2014.??.??"]

1. Nf3 d5 2. d4 g6 3. c4 c6 4. cxd5 cxd5 5. Nc3 Nf6 6. Bf4 Bd7 7. Ne5 Bg7 8.
Qd2 Qb6 9. e3 a6 10. Be2 O-O 11. O-O Qe6 12. Bf3 b5 13. e4 dxe4 14. Nxe4 Ra7
15. Nc5 Qb6 16. Be3 Bc8 17. d5 Qd6 18. Ncd3 Rc7 19. Bf4 Qd8 20. Nc6 Nxc6 21.
Bxc7 Qxc7 22. dxc6 e5 23. Nc5 Rd8 24. Qe3 Bf5 25. Nxa6 Qc8 26. Qb6 e4 27. Rfd1
Nd5 28. Qb7 exf3 29. Qxb5 Be6 30. Qb7 Be5 31. Nc5 fxg2 32. Nxe6 Qxb7 33. cxb7
fxe6 34. Rac1 Kf8 35. Rc8 Ke8 36. Re1 Bc7 37. Rxe6+ Kd7 38. Rxd8+ Kxd8 39. Ra6
Bb8 40. Rc6 Bc7 41. Rc1 Nf4 42. Rc4 h5 43. h4 g5 44. hxg5 h4 45. g6 Nxg6 46.
Kxg2 Nf4+ 47. Kh1 h3 48. a4 Ng6 49. a5 Ne7 50. Rd4+ Ke8 51. a6 Nc6 52. Rh4 h2
53. Rh8+ Kd7 54. a7 1-0

[Event "Kort Paaske Gruppe 1 2014"]
[Site "Skorping"]
[Date "2014.04.17"]
[Round "2"]
[White "Vangsgaard, Bjarke"]
[Black "Schacht, Jorgen Vejby"]
[Result "1-0"]
[WhiteElo "1803"]
[BlackElo "1749"]
[PlyCount "51"]
[EventDate "2014.??.??"]

1. d4 d5 2. Nf3 Nf6 3. Bf4 e6 4. e3 c5 5. c4 Qb6 6. Qb3 Qa5+ 7. Nc3 Nbd7 8. Bd3
a6 9. O-O dxc4 10. Bxc4 b5 11. Bxe6 fxe6 12. Qxe6+ Be7 13. Ng5 Nb6 14. Qf7+ Kd8
15. dxc5 Rf8 16. Bc7+ Kxc7 17. cxb6+ Qxb6 18. Qxe7+ Bd7 19. Rac1 Kb7 20. Rfd1
Qd8 21. Qb4 Rc8 22. Ne6 Bxe6 23. Rxd8 Rfxd8 24. Qe7+ Bd7 25. Rd1 Ka8 26. h3 1-0

[Event "Kort Paaske Gruppe 1 2014"]
[Site "Skorping"]
[Date "2014.04.17"]
[Round "2"]
[White "Yssing, Klaus"]
[Black "Munch, Anders J"]
[Result "1/2-1/2"]
[WhiteElo "2028"]
[BlackElo "1934"]
[PlyCount "37"]
[EventDate "2014.??.??"]

1. b3 d5 2. Bb2 Bf5 3. f4 Nd7 4. Nf3 h6 5. g3 Ngf6 6. Bg2 e6 7. O-O c6 8. e3
Bd6 9. d3 Qb6 10. Qe2 O-O 11. Nbd2 Ng4 12. Nd4 Ngf6 13. Kh1 Bg4 14. Qf2 Bh5 15.
h3 Bg6 16. N4f3 Qc7 17. Nh4 Bh7 18. Rae1 e5 19. Nhf3 1/2-1/2

[Event "Kort Paaske Gruppe 1 2014"]
[Site "Skorping"]
[Date "2014.04.18"]
[Round "3"]
[White "Andersen, Torben Bodskov"]
[Black "Yssing, Klaus"]
[Result "1/2-1/2"]
[WhiteElo "2003"]
[BlackElo "2028"]
[PlyCount "90"]
[EventDate "2014.??.??"]

1. e4 e6 2. d4 d5 3. Nd2 Nf6 4. e5 Nfd7 5. f4 c5 6. c3 Nc6 7. Ndf3 Qb6 8. Ne2
Be7 9. dxc5 Nxc5 10. Ned4 O-O 11. Be2 f6 12. O-O f5 13. Rb1 a6 14. Be3 Qc7 15.
c4 Rd8 16. cxd5 exd5 17. a3 Bd7 18. b4 Ne4 19. Rc1 Kh8 20. Qb3 Rac8 21. Qxd5
Qb6 22. Qb3 Nxd4 23. Nxd4 Qg6 24. Bf3 Bc6 25. Nxc6 bxc6 26. Rfd1 a5 27. Rc4 Qe6
28. Rxd8+ Rxd8 29. Qc2 axb4 30. axb4 h6 31. Bxe4 fxe4 32. Qxe4 Rd1+ 33. Kf2
Bh4+ 34. g3 Be7 35. f5 Qd7 36. Qc2 Bg5 37. Rxc6 Bxe3+ 38. Kxe3 Re1+ 39. Kf2
Rxe5 40. Rc8+ Kh7 41. f6+ Rf5+ 42. Kg2 Qd5+ 43. Kh3 Qf3 44. Rc5 Qh5+ 45. Kg2
Qf3+ 1/2-1/2

[Event "Kort Paaske Gruppe 1 2014"]
[Site "Skorping"]
[Date "2014.04.18"]
[Round "3"]
[White "Bonnez, Finn"]
[Black "Nielsen, Per (1963)"]
[Result "1-0"]
[WhiteElo "1962"]
[BlackElo "1795"]
[PlyCount "87"]
[EventDate "2014.??.??"]

1. d4 Nf6 2. Nf3 e6 3. Bf4 d5 4. e3 Nbd7 5. Bd3 c5 6. c3 Qb6 7. b3 Bd6 8. Bg3
cxd4 9. exd4 Qc7 10. Qe2 Nf8 11. Ne5 a6 12. O-O Ng6 13. c4 O-O 14. Nd2 Bxe5 15.
dxe5 Nd7 16. Bxg6 hxg6 17. cxd5 Nb6 18. d6 Qd8 19. Qg4 Nd5 20. Nf3 f6 21. Qxg6
Qe8 22. Qxe8 Rxe8 23. Nd4 Bd7 24. a3 Rac8 25. Rfc1 Kf7 26. Kf1 f5 27. f4 Kg6
28. h3 Kh5 29. Ke2 Nc3+ 30. Kf3 Ne4 31. Be1 Nc5 32. g4+ fxg4+ 33. hxg4+ Kg6 34.
Bd2 b6 35. b4 Na4 36. f5+ Kf7 37. Ke4 b5 38. Rc7 Rxc7 39. dxc7 Nb6 40. fxe6+
Bxe6 41. Rf1+ Kg6 42. Nxe6 Rxe6 43. Be3 Nc8 44. Rf8 1-0

[Event "Kort Paaske Gruppe 1 2014"]
[Site "Skorping"]
[Date "2014.04.18"]
[Round "3"]
[White "Lindholdt, Malik"]
[Black "Petersen, Poul Erik"]
[Result "1/2-1/2"]
[WhiteElo "2071"]
[BlackElo "1975"]
[PlyCount "91"]
[EventDate "2014.??.??"]

1. e4 e5 2. Nf3 Nc6 3. d4 exd4 4. Nxd4 Nf6 5. Nxc6 bxc6 6. e5 Nd5 7. c4 Nb6 8.
Bd3 d5 9. exd6 cxd6 10. O-O Be6 11. f4 Be7 12. Qf3 Rc8 13. Nd2 f5 14. Re1 Qd7
15. b3 O-O 16. Qe2 Bf6 17. Rb1 Rfe8 18. Qf1 Bc3 19. Rd1 Bf7 20. Nf3 Bh5 21. Bd2
Bxd2 22. Rxd2 Re3 23. Nd4 g6 24. Nc2 Re7 25. Re1 Rxe1 26. Qxe1 Re8 27. Qf2 Qg7
28. Qd4 Qe7 29. Qf2 c5 30. Kf1 Nd7 31. Be2 Bxe2+ 32. Rxe2 Qf7 33. Rxe8+ Qxe8
34. Qe2 Kf7 35. Qxe8+ Kxe8 36. Ke2 Nf6 37. Ne3 Kd7 38. Nd5 Ne4 39. a3 a5 40.
Ke3 Ke6 41. Ke2 Nf6 42. Nxf6 Kxf6 43. h4 h5 44. Kd3 Ke6 45. Kc3 Kd7 46. a4
1/2-1/2

[Event "Kort Paaske Gruppe 1 2014"]
[Site "Skorping"]
[Date "2014.04.18"]
[Round "3"]
[White "Munch, Anders J"]
[Black "Christensen, Thomas (1974)"]
[Result "1/2-1/2"]
[WhiteElo "1934"]
[BlackElo "1855"]
[PlyCount "70"]
[EventDate "2014.??.??"]

1. d4 e6 2. Nf3 f5 3. g3 Nf6 4. Bg2 d5 5. O-O Bd6 6. c4 c6 7. Qc2 O-O 8. b3 Qe7
9. Nc3 Nbd7 10. Kh1 Ne4 11. c5 Bc7 12. Bf4 e5 13. Nxe5 Nxe5 14. Nxe4 fxe4 15.
Bxe5 Bxe5 16. dxe5 Qxe5 17. f4 Qh5 18. e3 Rf6 19. Kg1 Bg4 20. Rf2 Raf8 21. Qd2
g5 22. Raf1 gxf4 23. Rxf4 Rxf4 24. Rxf4 Rxf4 25. gxf4 Bf3 26. Qf2 Bxg2 27. Kxg2
Kf7 28. b4 Ke6 29. h3 Kf5 30. Kh2 Qf3 31. Qb2 d4 32. Qg2 h6 33. Qg7 Qe2+ 34.
Kh1 Qf3+ 35. Kh2 Qf2+ 1/2-1/2

[Event "Kort Paaske Gruppe 1 2014"]
[Site "Skorping"]
[Date "2014.04.18"]
[Round "3"]
[White "Petersen, Tom"]
[Black "Hove, Svend Kjems"]
[Result "0-1"]
[WhiteElo "1805"]
[BlackElo "1911"]
[PlyCount "60"]
[EventDate "2014.??.??"]

1. d4 c5 2. c3 e6 3. Nf3 d5 4. Bf4 Nc6 5. e3 a6 6. Bd3 Nf6 7. Nbd2 Qb6 8. Qb3
Qa7 9. Qc2 b5 10. O-O c4 11. Be2 Nh5 12. Bg3 f5 13. b4 a5 14. a3 axb4 15. axb4
Qxa1 16. Rxa1 Rxa1+ 17. Bf1 Be7 18. Qb2 Ra6 19. Nb1 O-O 20. Bc7 Bb7 21. Ne5
Rfa8 22. Nxc6 Bxc6 23. Qe2 Nf6 24. f3 Ra1 25. Qb2 R8a2 26. Qc1 Be8 27. Bg3 f4
28. Bxf4 Bg6 29. e4 dxe4 30. Qe3 Nd5 0-1

[Event "Kort Paaske Gruppe 1 2014"]
[Site "Skorping"]
[Date "2014.04.18"]
[Round "3"]
[White "Vangsgaard, Claus"]
[Black "Schacht, Jorgen Vejby"]
[Result "0-1"]
[WhiteElo "1851"]
[BlackElo "1749"]
[PlyCount "112"]
[EventDate "2014.??.??"]

1. e4 c5 2. d3 Nc6 3. f4 g6 4. Nf3 Bg7 5. g3 d5 6. exd5 Qxd5 7. Nc3 Qd8 8. Bg2
Bg4 9. O-O e6 10. h3 Bxf3 11. Qxf3 Nge7 12. g4 O-O 13. Be3 b6 14. Rae1 Rc8 15.
Kh1 Nb4 16. Qd1 Ned5 17. Nxd5 Nxd5 18. Bc1 Re8 19. a3 Qd7 20. Qf3 Ne7 21. Re2
Nc6 22. Qg3 Ne7 23. Be4 Qd6 24. Qg2 f5 25. Bf3 e5 26. fxe5 Bxe5 27. Rfe1 Bg7
28. gxf5 gxf5 29. Re6 Qd7 30. Bg5 Ng6 31. Bd5 Kh8 32. c4 Ne5 33. Rxe8+ Rxe8 34.
Qe2 Rf8 35. b4 f4 36. Qh5 f3 37. Be4 Bf6 38. Bxf6+ Rxf6 39. Qxe5 Qxh3+ 40. Qh2
f2 41. Qxh3 fxe1=Q+ 42. Kh2 Qd2+ 43. Kg1 Qf2+ 44. Kh1 Qf1+ 45. Qxf1 Rxf1+ 46.
Kg2 Ra1 47. bxc5 bxc5 48. Kf3 Rxa3 49. Kf4 h5 50. Ke5 h4 51. Kd5 Ra5 52. d4
cxd4+ 53. Kxd4 h3 54. Bb7 h2 55. c5 Rb5 56. Bh1 Rb1 0-1

[Event "Kort Paaske Gruppe 1 2014"]
[Site "Skorping"]
[Date "2014.04.18"]
[Round "3"]
[White "Vangsgaard, Bjarke"]
[Black "Ekholm, Lars"]
[Result "0-1"]
[WhiteElo "1803"]
[BlackElo "1939"]
[PlyCount "106"]
[EventDate "2014.??.??"]

1. d4 d5 2. Nf3 Nc6 3. Bf4 Bg4 4. e3 e6 5. Be2 Bd6 6. Bg3 Nf6 7. c4 Ne4 8. Bxd6
cxd6 9. cxd5 Qa5+ 10. Nbd2 Nxd2 11. Qxd2 Qxd5 12. O-O Qa5 13. Qxa5 Nxa5 14. h3
Bxf3 15. Bxf3 Rc8 16. Rfc1 Kd7 17. b4 Nc6 18. d5 Nxb4 19. dxe6+ fxe6 20. Bxb7
Rxc1+ 21. Rxc1 d5 22. Rb1 a5 23. a3 Rb8 24. Bxd5 exd5 25. axb4 axb4 26. Kf1 Kd6
27. Ke2 g5 28. Kd3 Ke5 29. g3 h5 30. f4+ gxf4 31. gxf4+ Kf5 32. Kd4 Rb5 33. Rg1
b3 34. Kc3 Ke4 35. Re1 b2 36. Kc2 h4 37. Kb1 Kd3 38. f5 Kd2 39. Rg1 Kxe3 40. f6
Rb8 41. Re1+ Kf2 42. Rd1 Rf8 43. Rd4 Rxf6 44. Rxh4 Rb6 45. Rg4 Kf3 46. Rd4 Rb5
47. h4 Ke3 48. Rd1 d4 49. Rh1 d3 50. h5 d2 51. h6 Rh5 52. Rg1 Rxh6 53. Kxb2 Kf2
0-1

[Event "Kort Paaske Gruppe 1 2014"]
[Site "Skorping"]
[Date "2014.04.18"]
[Round "3"]
[White "Vangsgaard, Freja"]
[Black "Dahl, Steve"]
[Result "1-0"]
[WhiteElo "1786"]
[BlackElo "1719"]
[PlyCount "143"]
[EventDate "2014.??.??"]

1. d4 f5 2. Bg5 h6 3. Bh4 c5 4. e3 Qa5+ 5. Nc3 Nf6 6. Bxf6 gxf6 7. Qh5+ Kd8 8.
Qxf5 d6 9. Qd3 cxd4 10. Qxd4 Nc6 11. Qd5 Qxd5 12. Nxd5 e6 13. Nc3 a6 14. O-O-O
f5 15. Nf3 Rg8 16. g3 Kc7 17. Bc4 Rg4 18. Nd4 d5 19. Be2 Rg7 20. Nxc6 bxc6 21.
Na4 a5 22. Kb1 Bd7 23. c4 Kd6 24. Nb6 Rb8 25. Nxd7 Rxd7 26. Rd2 a4 27. Rc1 Rdb7
28. Bd1 a3 29. b3 Bg7 30. Be2 Bb2 31. Rcc2 Rb4 32. cxd5 cxd5 33. Bf3 Rg8 34.
Be2 Rg6 35. Bh5 Rg8 36. Bf7 Rf8 37. Bh5 Rg8 38. Be2 Rgb8 39. Bf3 R8b5 40. Bh5
Rb8 41. Rd1 R4b6 42. h3 Rc6 43. Rxc6+ Kxc6 44. Rd2 Kd7 45. Rc2 Rc8 46. Rxc8
Kxc8 47. Kc2 Kc7 48. Be8 Kd6 49. b4 e5 50. Kd3 e4+ 51. Kc2 d4 52. Kd1 d3 53.
Kd2 Be5 54. Bg6 Ke6 55. g4 fxg4 56. Bxe4 g3 57. fxg3 Bxg3 58. Bxd3 Kd5 59. Kc3
Be5+ 60. Kb3 Bb2 61. Bg6 Kc6 62. Kc4 Bc1 63. e4 Kd6 64. Kb5 Bb2 65. Kb6 Bd4+
66. Kb7 Bc3 67. b5 Kc5 68. Ka6 Be5 69. b6 Bb8 70. Kb7 Be5 71. Ka7 Kc6 72. b7
1-0

[Event "Kort Paaske Gruppe 1 2014"]
[Site "Skorping"]
[Date "2014.04.19"]
[Round "4"]
[White "Christensen, Thomas (1974)"]
[Black "Bonnez, Finn"]
[Result "0-1"]
[WhiteElo "1855"]
[BlackElo "1962"]
[PlyCount "46"]
[EventDate "2014.??.??"]

1. e4 e5 2. Bc4 Nc6 3. Nc3 Nf6 4. d3 Na5 5. f4 Nxc4 6. dxc4 Bb4 7. Bd2 d6 8.
Qe2 exf4 9. O-O-O O-O 10. Nd5 Bxd2+ 11. Qxd2 Nxe4 12. Qxf4 f5 13. Ne2 Be6 14.
Kb1 Bxd5 15. cxd5 Qf6 16. h4 Qe5 17. Qf3 c6 18. Nf4 cxd5 19. Rxd5 Qxd5 20. Nxd5
Nd2+ 21. Kc1 Nxf3 22. gxf3 Rae8 23. Kd2 Re5 0-1